000
00338nam a2200145Ia 4500
005
20250320161103.0
008
240331s9999 xx 000 0 und d
082
_b
SAM
_a
894
100
_a
Sambandan,K
245
0
_a
Dharmavathikal
260
_a
Dehiwala
_b
Rajanayagam, S
_c
1997
300
_a
87 p .,
650
_a
Short Stories
942
_c
L
999
_c
4145
_d
4145